Движение к общему экономическому пространству как условие целостности России: монография

Библиографические подробности
Главный автор: Плучевская Э. В. Эмилия Валерьевна
Автор-организация: Томский политехнический университет
Примечания:В монографии рассматривается проблема становления общего экономического пространства в России, разделяются понятия "общее экономическое пространство" и "единое экономическое пространство". Определены пути движения России к ОЭП, приведен зарубежный опыт. Значительное внимание уделено характеристикам ОЭП, предложена схема общего экономического пространства. Особое место отведено бюджетному федерализму как инструменту формирования ОЭП. Для преподавателей, аспирантов и студентов экономических специальностей.
Язык:русский
Опубликовано: Томск, Изд-во Томского ун-та, 2007
Предметы:
Формат: Книга
Запись в KOHA:https://koha.lib.tpu.ru/cgi-bin/koha/opac-detail.pl?biblionumber=344339

MARC

LEADER 00000nam0a2200000 4500
001 344339
005 20250109063127.0
010 |a 5751120889 
035 |a (RuTPU)RU\TPU\book\375770 
090 |a 344339 
100 |a 20200204d k y0rusy50 ca 
101 0 |a rus 
102 |a RU 
105 |a a z 001zy 
200 1 |a Движение к общему экономическому пространству как условие целостности России  |e монография  |f Э. В. Плучевская  |g Томский политехнический университет 
210 |a Томск  |c Изд-во Томского ун-та  |d 2007 
215 |a 124 с. 
320 |a Библиогр.: с. 118-122 
330 |a В монографии рассматривается проблема становления общего экономического пространства в России, разделяются понятия "общее экономическое пространство" и "единое экономическое пространство". Определены пути движения России к ОЭП, приведен зарубежный опыт. Значительное внимание уделено характеристикам ОЭП, предложена схема общего экономического пространства. Особое место отведено бюджетному федерализму как инструменту формирования ОЭП. Для преподавателей, аспирантов и студентов экономических специальностей. 
606 1 |a Экономическая политика  |y Россия  |y СССР  |2 stltpush  |3 (RuTPU)RU\TPU\subj\26583  |9 50477 
610 1 |a экономика 
610 1 |a Россия 
610 1 |a пространственные характеристики 
610 1 |a экономическое пространство 
610 1 |a межбюджетные отношения 
610 1 |a бюджетирование 
610 1 |a зарубежный опыт 
610 1 |a Европейский Союз 
610 1 |a экономические отношения 
610 1 |a региональная экономика 
610 1 |a социально-экономические реформы 
610 1 |a единое экономическое пространство 
610 1 |a бюджетный федерализм 
610 1 |a труды учёных ТПУ 
686 |a У9(2)0-18  |v LBC/SL-A  |2 rubbk 
700 1 |a Плучевская  |b Э. В.  |c экономист  |c доцент Томского политехнического университета, кандидат экономических наук  |f 1977-  |g Эмилия Валерьевна  |2 stltpush  |3 (RuTPU)RU\TPU\pers\26812 
712 0 2 |a Томский политехнический университет  |c (1991-2009)  |7 ca  |8 rus  |2 stltpush  |3 (RuTPU)RU\TPU\col\376  |9 23382 
801 1 |a RU  |b 63413507  |c 20200204 
801 2 |a RU  |b 63413507  |c 20200603  |g RCR 
942 |c BK